000 00286nam a2200121Ia 4500
008 191201s2014 xx 000 0 und d
100 _aDOGRA, Rakesh
245 0 _aAdvances in Material Science
250 _aRep
260 _c2014
_bKataria
_aNEW DELHI
300 _a493
942 _2ddc
_cBK
999 _c8129
_d8129